[Event "World Junior U20 Open 2018"]
[Site "Gebze"]
[Date "2018.09.08"]
[Round "5.37"]
[White "Mohammad Nubairshah Shaikh"]
[Black "Agdelen, Huseyin Can"]
[Result "1-0"]
[WhiteElo "2443"]
[BlackElo "2280"]
[Annotator "TA"]
[PlyCount "115"]
[EventDate "2018.09.05"]
[EventType "swiss"]
[EventCountry "TUR"]
[SourceTitle "playchess.com"]
[Source "ChessBase"]
[SourceQuality "1"]

{[%evp 23,115,0,0,-13,-19,-22,-22,-15,0,-19,-28,-42,-38,-35,-39,-74,-52,-62,-68,-89,-70,-113,-114,-224,0,0,0,0,0,0,0,-70,-76,-130,0,-59,-56,-103,20,42,37,36,65,37,72,33,28,8,118,98,112,117,121,129,129,123,289,282,266,218,681,715,693,658,998,698,744,468,870,677,665,0,771,0,681,714,656,647,1539,1459,1379,1338,29988,12837,12836,12837,12838,12838,12838,12836,3022,2694,1959,1189]} 1. Nf3 Nf6 2. c4 e6 3. Nc3 d5 4. d4 Bb4 5. cxd5 exd5 6. Bg5 h6 7. Bh4 g5 8. Bg3 Ne4 9. Nd2 Nxg3 10. hxg3 c6 {D38: Queen's Gambit Declined: Ragozin Defence (4 Nf3 Bb4)} 11. e3 (11. e4 Qe7 12. Qb3 dxe4 13. a3 e3 14. Qxb4 exd2+ 15. Kxd2 Qxb4 16. axb4 Kf8 17. b5 Kg7 18. Na4 {1-0 (87) Lysyj,I (2655)-Moiseenko,A (2712) Yerevan 2014}) 11... Be6 12. Qb3 Qb6 {LiveBook: 5 Games. The position is equal.} 13. a3 Be7 14. Qc2 $146 ({Predecessor:} 14. Na4 Qxb3 15. Nxb3 b6 16. Rc1 Kd7 17. Bd3 Kd6 18. f4 {0-1 (52) Rajlich,I (2465)-Mkrtchian,L (2469) Novi Sad 2009}) 14... Nd7 15. b4 O-O-O 16. Bd3 Qc7 17. Nb3 Kb8 18. Rb1 h5 19. Bf5 h4 20. gxh4 gxh4 21. Ne2 Rh6 22. g4 Rg8 23. f4 (23. Nc5 $17) 23... Rhh8 $2 (23... Nb6 $19 {And now ...Nc4 would win.} 24. Na5 Qd7) 24. Bxe6 $11 fxe6 25. g5 Nb6 26. Nd2 h3 {[%cal Bh4h3,Bh3h2][%mdl 32]} 27. Kd1 (27. e4 $11) 27... h2 $15 28. Rb3 {[#]} (28. a4 $142) 28... Qd7 ({Black should try} 28... Bxg5 $1 $17 {[%mdl 512]} 29. fxg5 Rxg5) 29. Kc1 (29. Nf1 $11) 29... Rh3 30. e4 Rxb3 (30... Rgh8 $17 {Hoping for ...e5!} 31. g6 e5 $1 {[%mdl 512]} 32. dxe5 Qg4 33. Rxh3 Rxh3) 31. Qxb3 $11 dxe4 $1 32. Rxh2 e3 33. Qxe3 {Strongly threatening Rh7.} Nd5 34. Qe4 a5 $1 35. Rh6 Nc7 (35... Qd8 $11) 36. bxa5 $16 Bxa3+ 37. Kd1 c5 38. Rh7 $36 {[%mdl 2048] White is in control.} Qa4+ {[#]} 39. Qc2 $1 {[%cal Rc2a4]} Qxa5 $2 (39... Qc6 $16) 40. Nc4 $18 Qa6 {[#] Threatens to win with ...Bb4.} 41. Rxc7 $1 {[%mdl 512]} Kxc7 $2 (41... Rh8) 42. Qh7+ Kc6 43. Ne5+ ({Not} 43. Qxg8 Qxc4 44. Qc8+ Kb6 $14) 43... Kd5 {intending ...Bb4.} 44. Qxg8 {aiming for Qd8+.} Bb4 {White must now prevent ...Qa4+.} 45. Qh7 c4 (45... Qa4+ $142 46. Qc2 Qa1+ 47. Nc1 Qxd4+ 48. Qd3 c4) 46. Qd7+ Ke4 47. Qh7+ Kd5 {If only Black now had time for ...Qa4+....} 48. Qd7+ Ke4 49. Nc1 Ke3 50. Qh7 Qa1 51. Nxc4+ Kxf4 52. Qh4+ Kf5 53. Ne3+ (53. Ne5 $142 Qa4+ 54. Ke2 Qa6+ 55. Ke3 Bd2+ 56. Kxd2 Qa5+ 57. Ke3 Qxe5+ 58. dxe5) 53... Kg6 {White is clearly winning.} 54. Qh6+ Kf7 55. Qf6+ Ke8 56. Qxe6+ Kd8 57. Qg8+ Kd7 58. Qd5+ {Precision: White = 38%, Black = 44%.} 1-0

[Event "World Junior U20 Open 2018"]
[Site "Gebze"]
[Date "2018.09.08"]
[Round "5.38"]
[White "Amartuvshin, Ganzorig"]
[Black "Ozen, Deniz"]
[Result "1-0"]
[WhiteElo "2280"]
[BlackElo "2431"]
[Annotator "TA"]
[PlyCount "159"]
[EventDate "2018.09.05"]
[EventType "swiss"]
[EventCountry "TUR"]
[SourceTitle "playchess.com"]
[Source "ChessBase"]
[SourceQuality "1"]

{[%evp 14,159,10,-15,57,38,37,12,33,27,37,20,54,47,50,36,39,53,47,42,41,0,0,0,0,-21,-13,-14,-14,-46,-39,-32,-10,-37,-14,-17,-19,-54,-62,-25,-11,-85,-87,-101,-97,-190,-106,-106,-119,-111,-111,-98,-113,-113,-108,-106,0,0,0,0,0,-6,0,1,83,62,80,82,115,117,118,108,202,188,197,187,251,203,339,316,364,364,354,350,441,437,436,424,531,516,554,563,566,446,558,536,555,550,551,570,563,562,553,551,523,495,589,290,450,297,403,439,439,425,553,550,645,643,633,633,613,594,609,595,460,558,606,580,29972,29973,29966,29974,29974,29975,29976,29977,29976,29977,29977,29978,29978,29979,29979,29980,29980,29981,29981,29982]} 1. d4 d5 2. c4 c6 3. Nf3 Nf6 4. Nc3 dxc4 5. a4 Bf5 6. Ne5 e6 7. f3 Bb4 8. Nxc4 {LiveBook: 173 Partien} h6 {D17: Damengambit (Slawische Verteidigung)} (8... O-O $11) (8... O-O 9. Kf2 c5 10. e4 Bg6 11. Na2 Nc6 12. Nxb4 Nxb4 13. Qb3 Nxe4+ 14. fxe4 Bxe4 15. Bf4 Qf6 16. Qe3 Rad8 17. Qxe4 Rxd4 {1-0 (49) Zhou,J (2630)-Shankland,S (2679) Atlantic City 2016}) 9. Kf2 O-O 10. e4 Bh7 {Die Stellung ist ausgeglichen.} 11. Be2 $146 ({Vorgänger:} 11. Be3 a5 12. g3 Ne8 13. Qb3 Na6 14. Kg2 f5 15. Bd3 fxe4 16. Nxe4 Nf6 {½-½ (36) Norrelykke,S (2382)-Marquez Abreu,C (2404) ICCF email 2016}) 11... Be7 12. Rf1 Nbd7 13. Be3 Nb6 14. Kg1 Nxc4 15. Bxc4 Qc7 16. Rc1 a5 17. e5 Nd7 18. f4 Nb6 19. Bd3 Bxd3 20. Qxd3 Qd7 21. f5 exf5 22. Rxf5 Qe6 23. Rcf1 Rad8 24. Ne4 Nc4 {Weiss muss nun ...Sxe5! beachten.} 25. Qe2 Nxe3 26. Qxe3 b6 27. R5f4 {[#]} (27. b3 $11) 27... c5 $1 $17 {[%mdl 512]} 28. Qg3 (28. dxc5 Qxe5) 28... Rxd4 (28... cxd4 $6 29. Rg4 $11) 29. Rg4 (29. Nf6+ $17 {war nötig.} Kh8 30. Nh5 (30. Rxd4 cxd4 31. Nh5 g6 $17)) 29... g6 ({Nur nicht} 29... Rxa4 $2 30. Rxg7+ Kh8 31. Nf6 $18) (29... Kh8 $1 $19 30. Rgf4 Qc4) 30. Nf6+ Kg7 $1 31. Nh5+ Kh7 $1 32. Rxd4 cxd4 33. Nf4 Qf5 34. Nd5 Qg5 (34... Qd7 $1 $17 {[%cal Rd7d5]} 35. Qf3 Kg7) 35. Qxg5 $1 $11 Bxg5 36. Nxb6 {[%mdl 4096] Endspiel KTL-KTS} Kg7 37. Nc4 Rb8 38. Rf3 {[#]} Be7 (38... Be3+ $1 $11 {[%mdl 512]} 39. Kf1 (39. Nxe3 dxe3) 39... Rb4) 39. Kf1 $16 Rc8 40. b3 Bb4 {[#]} 41. Ke2 $1 Rb8 42. Kd3 g5 (42... h5 $16) 43. Kxd4 $18 Rd8+ 44. Ke4 Rd1 (44... g4 $142 45. Rf1 h5) 45. g4 Re1+ (45... Rg1 $142 46. h3 Re1+ 47. Kd5 Rd1+ 48. Kc6 Rd4) 46. Kd5 Rd1+ {[#]} 47. Kc6 $1 Rd4 48. h3 Be1 49. Nd6 {Sf5+ ist eine echte Drohung.} Rf4 50. Nf5+ Kg6 51. Rd3 Bb4 {[#]} 52. Rd6+ $1 {[%mdl 512]} Kh7 (52... Bxd6 53. exd6) 53. Rxh6+ Kg8 54. Rh5 Rf3 {Schwarz hofft, mit ...Ld2 fortzusetzen.} 55. Rxg5+ Kf8 56. Nd6 Rxh3 57. Rf5 Ke7 58. Rxf7+ Ke6 {und wenn ...Tc3+ ginge, stände Schwarz gut.} 59. Rf5 Rxb3 60. Nc4 (60. Nb5 $142 {Droht Sd4+ und aus.} Ke7 61. g5) 60... Rg3 (60... Be7 {ist eine bessere Verteidigung.} 61. Rh5 (61. Nxa5 Rb4 $11) 61... Bf8) 61. Rf6+ Ke7 62. Kd5 Rxg4 63. Ra6 Rg1 64. Ra7+ Kd8 65. Nxa5 {zielt auf Sc6+ ab.} Rd1+ 66. Ke6 Kc8 67. Nc6 Be1 68. Ne7+ Kb8 69. Rd7 Ra1 70. a5 Bxa5 71. Nc6+ {Weiß setzt Matt.} Kc8 72. Nxa5 Rxa5 {KT-KT} 73. Rd1 Ra2 74. Ke7 Rh2 75. Rc1+ Kb7 76. e6 {[%cal Be5e6,Be6e7][%mdl 32]} Re2 77. Kd7 Rd2+ 78. Ke8 Re2 79. e7 Re3 80. Rf1 {Precision: Weiß = 74%, Schwarz = 42%.} 1-0

[Event "World Junior U20 Open 2018"]
[Site "Gebze"]
[Date "2018.09.08"]
[Round "5.39"]
[White "Vanczak, Tamas"]
[Black "Gokerkan, Cem Kaan"]
[Result "1/2-1/2"]
[WhiteElo "2276"]
[BlackElo "2416"]
[Annotator "TA"]
[PlyCount "98"]
[EventDate "2018.09.05"]
[EventType "swiss"]
[EventCountry "TUR"]
[SourceTitle "playchess.com"]
[Source "ChessBase"]
[SourceQuality "1"]

{[%evp 15,98,20,83,42,39,48,66,0,0,0,27,31,24,24,76,44,67,38,52,15,33,39,38,35,38,17,56,28,54,0,0,0,0,0,0,0,0,-4,-4,-4,-4,-4,-4,-4,0,-6,0,0,0,0,0,0,0,0,0,0,0,0,0,0,0,0,27,0,0,0,9,9,10,10,10,10,122,115,121,70,70,70,69,79,68,72,81,0,0]} 1. e4 g6 2. d4 Bg7 3. Nc3 d6 4. Nf3 a6 5. a4 Nf6 6. Be2 O-O 7. O-O Nbd7 8. h3 b6 (8... e5 $11 {remains equal.}) 9. Re1 {B08: Pirc Defence: Classical System} e5 10. dxe5 (10. d5 a5 11. Bf1 h6 12. Be3 Kh7 13. Nd2 Nh5 14. g3 Nc5 15. Nc4 Na6 {0-1 (93) Faizrakhmanov,R (2371)-Bochkarev,Y (2076) Jerusalem 2015}) 10... dxe5 11. Be3 $146 ({Better is} 11. b3 $14) ({Predecessor:} 11. Bc4 Bb7 12. Bd5 c6 13. Ba2 Qc7 14. Qe2 b5 15. Bg5 b4 16. Nb1 {1-0 (54) Murray,R (1727)-Short,A (1482) Adelaide 2004}) 11... Bb7 $11 12. Nd2 h6 13. f3 Qe7 14. Bc4 c6 (14... Rfd8 $11 {keeps the balance.}) 15. Qe2 Nh5 16. Red1 b5 17. Bb3 ({Much worse is} 17. axb5 axb5 18. Bb3 Nf4 $11) 17... Nf4 18. Qf2 Bf6 19. Kh2 Kh7 20. g3 Nh5 21. Nf1 Bg5 22. Bxg5 (22. f4 $14 exf4 23. gxf4) 22... hxg5 23. Qd2 Nc5 24. Qd6 Qxd6 25. Rxd6 Kg7 26. Ne3 Rfd8 27. Rad1 Rxd6 28. Rxd6 Kf8 29. a5 Ke7 30. Rd1 Nxb3 31. cxb3 Ng7 32. b4 Rh8 33. Ng4 f6 34. Kg2 Ne6 35. Ne2 Rc8 36. Ne3 c5 37. bxc5 Nxc5 38. b4 Nb3 39. h4 gxh4 40. gxh4 Ke6 41. Rd3 Nc1 42. Nxc1 Rxc1 {[%mdl 4096] Endgame KRB-KRN} 43. Rd8 Bc6 {[#]} (43... Rc3 $11 44. Ng4 f5 45. Re8+ Kd6 46. Nxe5 fxe4) 44. Rg8 $1 $16 {[%cal Rg8g6]} Kf7 45. Rb8 (45. Rc8 $16) 45... f5 $14 46. exf5 gxf5 47. Nxf5 {Strongly threatening Ne3.} Rc3 48. Nd6+ Kg7 49. Ne4 ({White should try} 49. Rb6 $16) 49... Bxe4 $1 {Precision: White = 67%, Black = 62%.} 1/2-1/2

[Event "World Junior U20 Open 2018"]
[Site "Gebze"]
[Date "2018.09.08"]
[Round "5.40"]
[White "Secheres, Adrian-Simion"]
[Black "Lee, Jun Hyeok"]
[Result "0-1"]
[WhiteElo "2408"]
[BlackElo "2263"]
[Annotator "ChessBase"]
[PlyCount "61"]
[EventDate "2018.09.05"]
[EventType "swiss"]
[EventCountry "TUR"]
[SourceTitle "playchess.com"]
[Source "ChessBase"]
[SourceQuality "1"]
[TimeControl "40/5400+30:1800+30"]

1. e4 {[%emt 0:00:30]} e5 {[%emt 0:01:30]} 2. Nf3 {[%emt 0:00:00]} Nf6 {[%emt 0:00:30]} 3. Nxe5 {[%emt 0:00:00]} d6 {[%emt 0:00:00]} 4. Nf3 {[%emt 0:00:30]} Nxe4 {[%emt 0:00:00]} 5. c4 {[%emt 0:00:00]} Nc6 {[%emt 0:00:30]} 6. d4 {[%emt 0:06:00]} d5 {[%emt 0:00:30]} 7. Nc3 {[%emt 0:08:30]} Bb4 {[%emt 0:02:30]} 8. Qc2 {[%emt 0:02:30]} Bg4 {[%emt 0:05:30]} 9. Be3 {[%emt 0:01:30]} O-O {[%emt 0:40:30]} 10. Be2 {[%emt 0:12:30]} Bf5 {[%emt 0:01:30]} 11. Qc1 {[%emt 0:06:30]} dxc4 {[%emt 0:02:30]} 12. Bxc4 {[%emt 0:04:30]} Nd6 {[%emt 0:01:30]} 13. Be2 {[%emt 0:01:30]} Bg4 {[%emt 0:00:00]} 14. O-O {[%emt 0:03:30]} Nf5 {[%emt 0:01:00]} 15. d5 {[%emt 0:07:30]} Bxf3 {[%emt 0:00:30]} 16. Bxf3 {[%emt 0:00:30]} Ncd4 {[%emt 0:01:30]} 17. Bd1 {[%emt 0:03:30]} Re8 {[%emt 0:04:30]} 18. Bg5 {[%emt 0:06:30]} Qd6 {[%emt 0:04:30]} 19. Qd2 {[%emt 0:02:30]} c5 {[%emt 0:04:30]} 20. Bh5 {[%emt 0:08:30]} Ne7 {[%emt 0:07:09]} 21. Bf4 {[%emt 0:07:53]} Bxc3 {[%emt 0:00:53]} 22. bxc3 {[%emt 0:00:54]} Qxd5 {[%emt 0:00:07]} 23. Bxf7+ {[%emt 0:01:44]} Qxf7 {[%emt 0:00:07]} 24. cxd4 {[%emt 0:00:13]} Rad8 {[%emt 0:00:19]} 25. Bg5 {[%emt 0:01:52]} Rxd4 {[%emt 0:00:25]} 26. Qa5 {[%emt 0:00:31]} Nc6 {[%emt 0:00:55]} 27. Qb5 {[%emt 0:01:41]} a6 {[%emt 0:05:40]} 28. Qb6 {[%emt 0:00:33]} Rb4 {[%emt 0:02:03]} 29. Qxc5 {[%emt 0:00:35]} Rb5 {[%emt 0:00:04]} 30. Qc1 {[%emt 0:00:44]} Nd4 {[%emt 0:00:06]} 31. Qd1 {[%emt 0:02:50]} 0-1

[Event "World Junior U20 Open 2018"]
[Site "Gebze"]
[Date "2018.09.08"]
[Round "5.41"]
[White "Garayev, Kanan"]
[Black "Nogerbek, Kazybek"]
[Result "1/2-1/2"]
[WhiteElo "2404"]
[BlackElo "2261"]
[Annotator "ChessBase"]
[PlyCount "81"]
[EventDate "2018.09.05"]
[EventType "swiss"]
[EventCountry "TUR"]
[SourceTitle "playchess.com"]
[Source "ChessBase"]
[SourceQuality "1"]
[TimeControl "40/5400+30:1800+30"]

1. d4 {[%emt 0:00:30]} Nf6 {[%emt 0:00:30]} 2. c4 {[%emt 0:00:00]} e6 {[%emt 0:00:00]} 3. Nc3 {[%emt 0:00:00]} d5 {[%emt 0:00:00]} 4. Nf3 {[%emt 0:00:30]} Be7 {[%emt 0:00:30]} 5. Bf4 {[%emt 0:01:30]} O-O {[%emt 0:00:30]} 6. e3 {[%emt 0:00:30]} Nbd7 {[%emt 0:00:30]} 7. Rc1 {[%emt 0:05:30]} dxc4 {[%emt 0:07:30]} 8. Bxc4 {[%emt 0:00:30]} a6 {[%emt 0:00:00]} 9. a4 {[%emt 0:03:30]} c5 {[%emt 0:03:00]} 10. O-O {[%emt 0:02:30]} cxd4 {[%emt 0:02:30]} 11. exd4 {[%emt 0:01:30]} Nb6 {[%emt 0:00:30]} 12. Bd3 {[%emt 0:00:30]} Nbd5 {[%emt 0:00:30]} 13. Bg3 {[%emt 0:02:30]} Bd7 {[%emt 0:03:30]} 14. Ne5 {[%emt 0:02:30]} Bc6 {[%emt 0:01:30]} 15. Nxc6 {[%emt 0:17:30]} bxc6 {[%emt 0:00:00]} 16. Nxd5 {[%emt 0:00:30]} Qxd5 {[%emt 0:06:00]} 17. Qc2 {[%emt 0:12:30]} Rfc8 {[%emt 0:05:30]} 18. Rfd1 {[%emt 0:01:30]} h6 {[%emt 0:04:30]} 19. Be5 {[%emt 0:05:30]} Qd7 {[%emt 0:08:30]} 20. Qe2 {[%emt 0:02:30]} Qb7 {[%emt 0:00:30]} 21. Bc4 {[%emt 0:09:30]} Nd7 {[%emt 0:04:30]} 22. Bg3 {[%emt 0:02:30]} Nb6 {[%emt 0:06:30]} 23. Bd3 {[%emt 0:02:30]} Nd5 {[%emt 0:01:30]} 24. Be5 {[%emt 0:01:30]} Bf6 {[%emt 0:06:30]} 25. Qe4 {[%emt 0:02:30]} g6 {[%emt 0:00:30]} 26. h4 {[%emt 0:02:46]} h5 {[%emt 0:02:30]} 27. Bxf6 {[%emt 0:08:08]} Nxf6 {[%emt 0:00:00]} 28. Qe2 {[%emt 0:00:36]} Rd8 {[%emt 0:02:00]} 29. Bc4 {[%emt 0:02:06]} Qb6 {[%emt 0:04:30]} 30. Qd2 {[%emt 0:03:16]} Kg7 {[%emt 0:01:30]} 31. a5 {[%emt 0:00:56]} Qb7 {[%emt 0:01:30]} 32. b3 {[%emt 0:01:22]} Rd6 {[%emt 0:05:30]} 33. Qe2 {[%emt 0:00:41]} Kg8 {[%emt 0:03:30]} 34. g3 {[%emt 0:00:55]} Qd7 {[%emt 0:01:37]} 35. Bxa6 {[%emt 0:01:48]} Qa7 {[%emt 0:02:07]} 36. Qe5 {[%emt 0:01:10]} Ne8 {[%emt 0:05:12]} 37. Bf1 {[%emt 0:00:52]} Qxa5 {[%emt 0:00:35]} 38. Qxa5 {[%emt 0:01:22]} Rxa5 {[%emt 0:00:01]} 39. Bg2 {[%emt 0:00:52]} Ra6 {[%emt 0:00:25]} 40. Rc4 {[%emt 0:00:00]} Nf6 {[%emt 0:00:00]} 41. Rdc1 {[%emt 0:05:10]} 1/2-1/2

[Event "World Junior U20 Open 2018"]
[Site "Gebze"]
[Date "2018.09.08"]
[Round "5.42"]
[White "Lagunow, Raphael"]
[Black "Nalbant, Tuna Onat"]
[Result "1-0"]
[WhiteElo "2403"]
[BlackElo "2241"]
[Annotator "TA"]
[PlyCount "107"]
[EventDate "2018.09.05"]
[EventType "swiss"]
[EventCountry "TUR"]
[SourceTitle "playchess.com"]
[Source "ChessBase"]
[SourceQuality "1"]

{[%evp 22,107,38,43,41,31,45,53,39,51,89,0,0,0,55,26,55,53,56,48,92,97,113,110,107,103,138,135,239,244,249,252,245,234,256,258,255,260,331,329,325,330,326,295,273,275,264,264,257,236,235,198,214,181,174,133,149,130,127,65,205,98,247,233,249,263,245,247,484,498,553,499,456,263,1256,1093,1999,1901,1748,1708,1446,1392,2658,2297,29971,29970,29976,29977]} 1. e4 c5 2. Nf3 d6 3. d4 cxd4 4. Nxd4 Nf6 5. Nc3 a6 6. Bg5 e6 7. f4 Be7 8. Qf3 Nbd7 9. O-O-O Qc7 10. f5 Ne5 {B99: Sicilian Najdorf: 6 Bg5 e6 7 f4 Be7 8 Qf3 Qc7 9 0-0-0 Nbd7} 11. Qh3 (11. Qg3 b5 12. fxe6 fxe6 13. Bd3 O-O 14. Rhf1 Bd7 15. Kb1 Rf7 16. Nf3 Nxd3 17. cxd3 b4 18. Ne2 {1-0 (36) Negi,P (2622)-Wen,Y (2545) Mashhad 2011}) 11... Nfg4 12. Bxe7 {LiveBook: 3 Games} Qxe7 {White is slightly better.} 13. Qg3 $1 Qg5+ 14. Kb1 Qe3 {Hoping for ...Qxg3.} 15. Nf3 O-O $146 {White should prevent ...Nf2.} ({Predecessor:} 15... Qf2 16. Rxd6 Qxg3 17. hxg3 Ke7 18. Nxe5 Nxe5 {1-0 (69) Schill,W (2188)-Titus,A (2009) ICC INT 2015}) 16. f6 (16. Rxd6 $16 {Strongly threatening f6.} exf5 17. Nd5 (17. Nxe5 Qxg3 18. hxg3 Nxe5 $11)) 16... Nxf6 $11 17. Rxd6 Ng6 (17... Nxf3 $11 18. gxf3 Bd7) 18. Bd3 (18. e5 {feels hotter.} Nh5 19. Qg4 Nhf4 20. Rd4 Nd5 21. Nxd5 exd5 22. Qh5) 18... Nh5 19. Qe1 Qxe1+ $1 20. Rxe1 Nhf4 {[#]} 21. Bf1 $1 e5 22. g3 Ne6 23. h4 $36 {[%mdl 2048] Black is under strong pressure.} Nd8 24. h5 Bg4 {[#]} (24... Ne7 $16) 25. Nh2 $1 $18 {[%cal Rh2g4]} ({Much less strong is} 25. hxg6 $6 Bxf3 26. gxf7+ Nxf7 $16) 25... Bxh5 26. g4 Bxg4 27. Nxg4 Nc6 28. Rd7 b5 29. a4 b4 30. Nd5 a5 31. Bb5 Nd4 32. c3 bxc3 33. bxc3 Nf3 34. Re3 Ng5 35. Nb6 Rad8 36. Rd5 {aiming for Nd7.} f6 37. Nd7 Nf4 38. Nxf8 Nxd5 39. exd5 Kxf8 40. Bc6 (40. c4 $16) 40... Ke7 (40... h5 $14 41. Nf2 Ke7) 41. c4 (41. Re2 $18 {and White stays clearly on top.}) 41... Rb8+ (41... Kd6 $16) 42. Kc2 Kd6 43. Nf2 h5 44. Rg3 h4 $2 (44... Rd8 45. Nd3 Ne6) 45. Rxg5 fxg5 46. Ne4+ Kc7 {Threatens to win with ...Rb4.} 47. Nxg5 (47. c5 $142 g4 48. Bb5) 47... h3 $2 (47... Rb6 48. Kc3 Rxc6 49. dxc6 Kb8) 48. Nxh3 Rf8 49. Ng5 Rf6 50. Kd3 Rg6 51. Nf7 Rg3+ 52. Ke4 Rg4+ 53. Kxe5 Rxc4 54. Bb5 {Precision: White = 66%, Black = 34%.} 1-0

[Event "World Junior U20 Open 2018"]
[Site "Gebze"]
[Date "2018.09.08"]
[Round "5.43"]
[White "Ozer, Omer Faruk"]
[Black "Silva, David"]
[Result "1-0"]
[WhiteElo "2388"]
[BlackElo "2223"]
[Annotator "NA"]
[PlyCount "61"]
[EventDate "2018.09.05"]
[EventType "swiss"]
[EventCountry "TUR"]
[SourceTitle "playchess.com"]
[Source "ChessBase"]
[SourceQuality "1"]
[TimeControl "40/5400+30:1800+30"]

1. d4 {[%emt 0:01:30]} Nf6 {[%emt 0:00:30]} 2. Nc3 {[%emt 0:00:30]} c5 {[%emt 0:00:30]} 3. d5 {[%emt 0:00:30]} d6 {[%emt 0:00:30]} 4. e4 {[%emt 0:03:30]} g6 {[%emt 0:00:30]} 5. Bb5+ {[%emt 0:00:30]} Bd7 {[%emt 0:01:30]} 6. a4 {[%emt 0:00:30]} Bg7 {[%emt 0:00:00]} 7. Nf3 {[%emt 0:00:30]} O-O {[%emt 0:00:00]} 8. Nd2 {[%emt 0:03:30]} Na6 {[%emt 0:00:30]} 9. O-O {[%emt 0:00:30]} Nc7 {[%emt 0:00:30]} 10. Be2 {[%emt 0:00:30]} a6 {[%emt 0:00:00]} 11. f4 {[%emt 0:14:30]} b5 {[%emt 0:03:00]} 12. Bf3 {[%emt 0:00:30]} b4 {[%emt 0:00:00]} 13. Ne2 {[%emt 0:00:00]} Bg4 {[%emt 0:05:00]} 14. Ng3 {[%emt 0:17:00]} Bxf3 {[%emt 0:02:30]} 15. Nxf3 {[%emt 0:00:00]} Qd7 {[%emt 0:04:30]} 16. Qd3 {[%emt 0:02:00]} Rfc8 {[%emt 0:01:30]} 17. Nd2 {[%emt 0:05:30]} Rab8 {[%emt 0:00:30]} 18. Nc4 {[%emt 0:00:30]} Ng4 {[%emt 0:01:30]} 19. Kh1 {[%emt 0:00:30]} Bd4 {[%emt 0:00:30]} 20. Qf3 {[%emt 0:01:30]} f5 {[%emt 0:00:30]} 21. exf5 {[%emt 0:04:30]} gxf5 {[%emt 0:00:00]} 22. Bd2 {[%emt 0:00:30]} e6 {[%emt 0:01:00]} 23. dxe6 {[%emt 0:21:30]} Qxe6 {[%emt 0:00:00]} 24. Nxd6 {[%emt 0:00:30]} Nxh2 {[%emt 0:05:00]} 25. Kxh2 {[%emt 0:00:30]} Qxd6 {[%emt 0:00:30]} 26. Nxf5 {[%emt 0:00:00]} Qf6 {[%emt 0:00:30]} 27. Qh5 {[%emt 0:00:00]} Kh8 {[%emt 0:02:30]} 28. c3 {[%emt 0:01:30]} bxc3 {[%emt 0:01:30]} 29. bxc3 {[%emt 0:00:00]} Rf8 {[%emt 0:01:30]} 30. Nh4 {[%emt 0:00:00]} Rb2 {[%emt 0:00:30]} 31. Rad1 {[%emt 0:00:30]} 1-0

[Event "World Junior U20 Open 2018"]
[Site "Gebze"]
[Date "2018.09.08"]
[Round "5.44"]
[White "Can, Melih Kaan"]
[Black "Percivaldi, Martin"]
[Result "0-1"]
[WhiteElo "2195"]
[BlackElo "2376"]
[Annotator "TA"]
[PlyCount "142"]
[EventDate "2018.09.05"]
[EventType "swiss"]
[EventCountry "TUR"]
[SourceTitle "playchess.com"]
[Source "ChessBase"]
[SourceQuality "1"]

{[%evp 20,142,-68,-46,-22,-49,-8,-26,-27,-18,-13,-41,-30,-56,-31,-35,-45,-55,-48,-39,-39,-48,-43,-88,0,-33,0,0,7,-9,-10,-32,-17,-67,-9,-17,-6,-24,-10,-50,-31,-32,-27,-55,-12,-12,-11,-12,-12,-16,0,0,0,-27,-27,-50,-44,-44,-43,-58,-44,-57,-44,-75,-81,-224,-231,-232,-224,-272,-271,-272,-272,-271,-271,-320,-265,-258,-229,-240,-240,-356,-357,-425,-397,-434,-431,-420,-398,-392,-395,-376,-333,-387,-197,-410,-368,-381,-340,-373,-389,-315,-256,-541,-367,-1259,-1263,-1271,-1270,-1125,-1186,-1141,-592,-1278,-1060,-1586,-573,-29990,-29991,-29991,-29992,-29992,-5122,-5089,-1530]} 1. e4 e6 2. d4 d5 3. Nd2 Be7 4. Ngf3 Nf6 5. exd5 exd5 6. Ne5 O-O 7. Bd3 c5 {C05: French Tarrasch: 3...Nf6 4 e5 Nfd7, 5 f4 and 5 Bd3 sidelines} 8. c3 $146 ({Predecessor:} 8. dxc5 Bxc5 9. O-O Re8 10. Ndf3 Bd6 11. Bf4 Qc7 12. Re1 Nc6 13. Nxc6 Rxe1+ 14. Qxe1 bxc6 15. Bg5 {0-1 (24) Tofte,S (1864)-Fossum,O (2144) Moss 2006}) 8... Nc6 9. Nxc6 bxc6 10. dxc5 Bxc5 11. O-O {LiveBook: 3 Games} Bb6 12. Qa4 Qd6 13. Qh4 Re8 14. Nf3 Bc7 15. Bg5 Ne4 16. Rae1 {[%cal Rd3e4]} Bf5 (16... h6 $5 {[%cal Rh6g5]} 17. Bxe4 dxe4 18. Rxe4 Rxe4 19. Qxe4 hxg5 20. Qe8+ Kh7 21. Nxg5+ Kg6 22. Qxf7+ Kh6 $17) 17. Nd4 Bg6 18. Bc1 Qd7 19. f3 Nd6 20. Bxg6 hxg6 21. Bf4 Nc4 (21... c5 $17 22. Bxd6 Bxd6) 22. b3 Bxf4 23. Qxf4 Nd6 24. b4 Nc4 25. Nb3 (25. Qg4 {seems wilder.} Qb7 26. Rxe8+ Rxe8 27. Qg3 a5 28. bxa5 Ra8 29. Re1) 25... a5 26. a3 Qa7+ ({Better is} 26... axb4 $15 27. axb4 Ra3) 27. Qd4 $11 Qxd4+ 28. Nxd4 Rec8 29. Re7 Nxa3 30. bxa5 Rxa5 31. Rfe1 Nb5 32. Re8+ Rxe8 33. Rxe8+ {[%mdl 4096] Endgame KRN-KRN} Kh7 34. Nxc6 Ra1+ 35. Kf2 Nxc3 36. g4 Ra2+ 37. Kg1 Ne2+ 38. Kf1 Nf4 {aiming for ...Rc2.} 39. Re7 f6 40. h4 Rh2 41. Rd7 Rxh4 42. Ne7 (42. Kf2 $17) 42... Rh3 $19 43. Kf2 {[#]} Nd3+ $1 44. Kg2 {[#]} Rxf3 $1 {[%mdl 512]} 45. Nxd5 (45. Kxf3 Ne5+) 45... Ne1+ 46. Kg1 Kh6 47. Re7 Nc2 48. Kg2 Ra3 49. Kf2 Nd4 50. Rd7 (50. Re3 $142 Ra2+ 51. Kg3) 50... Nc6 51. g5+ Kxg5 52. Rxg7 Ne5 53. Rb7 Ng4+ 54. Ke2 Ra5 55. Nc3 Re5+ 56. Kf1 Kf4 (56... f5 $142 57. Ne2 Re3) 57. Rb3 $2 (57. Ne2+ Kg5 58. Rb6) 57... f5 {[%cal Bf6f5,Bf5f4][%mdl 32]} 58. Rb6 Kg5 59. Ne2 Ra5 60. Nd4 Ne5 61. Kg2 $2 (61. Rb4) 61... Ra2+ 62. Kg3 $2 (62. Kf1) 62... f4+ 63. Kh3 Ra3+ 64. Kg2 Kg4 65. Re6 Re3 66. Ra6 g5 67. Ra2 Re4 (67... Nd3 $142 {Threatens to win with ...f3+.} 68. Kh2 f3) 68. Nb5 f3+ 69. Kf1 Nd3 {[%csl Gd3][%cal Re4e1]} 70. Ra1 Kg3 (70... f2 $142 71. Ra4 Rxa4 72. Ke2 Ra2+ 73. Ke3 f1=Q 74. Kd4 Ra4+ 75. Kc3 Ne1 76. Na3 Qd3+ 77. Kb2 Qxa3+ 78. Kb1 Rb4#) 71. Nc3 Rh4 {Precision: White = 18%, Black = 63%.} (71... Re3 $142 72. Rb1 Nf2) 0-1